MARC details
| 000 -LEADER |
| fixed length control field |
01250nam a22002897a 4500 |
| 003 - CONTROL NUMBER IDENTIFIER |
| control field |
OSt |
| 005 - DATE AND TIME OF LATEST TRANSACTION |
| control field |
20250329135116.0 |
| 008 - FIXED-LENGTH DATA ELEMENTS--GENERAL INFORMATION |
| fixed length control field |
240905b ||||| |||| 00| 0 eng d |
| 040 ## - CATALOGING SOURCE |
| Transcribing agency |
0 |
| 082 ## - DEWEY DECIMAL CLASSIFICATION NUMBER |
| Classification number |
DPer 621.317 Ie21 December 2022 v.37 n. 12 part 1&2. |
| 100 ## - MAIN ENTRY--PERSONAL NAME |
| Personal name |
Ding ,Dawie. |
| Relator term |
author. |
| 9 (RLIN) |
60243 |
| 245 ## - TITLE STATEMENT |
| Title |
Impedance reshaping for inherent harmonics in pmsm drives with small dc-link capacitor / |
| Statement of responsibility, etc. |
Dawie Ding, Guoqiang Zhang, Gaolin Wang, Zekun Ren, Nenad Mijatovic, Tomislaw Dragicevic, and Dianguo Xu. |
| 260 ## - PUBLICATION, DISTRIBUTION, ETC. (IMPRINT) |
| Place of publication, distribution, etc. |
New York ; |
| Name of publisher, distributor, etc. |
The Institute of Electrical and Electronics Engineers, Inc., |
| Date of publication, distribution, etc. |
December 2022. |
| 300 ## - PHYSICAL DESCRIPTION |
| Extent |
volume 37, pages 14265-142799, |
| Other physical details |
illustration. |
| 500 ## - GENERAL NOTE |
| General note |
IEEE Transactions on Power Electronics, v. 37 n. 12, pages 14265-142799, December 2022. |
| 650 #0 - SUBJECT ADDED ENTRY--TOPICAL TERM |
| Topical term or geographic name as entry element |
Impedance reshaping. |
| 9 (RLIN) |
66034 |
| 650 #0 - SUBJECT ADDED ENTRY--TOPICAL TERM |
| Topical term or geographic name as entry element |
low power disturbance. |
| 9 (RLIN) |
66035 |
| 650 #0 - SUBJECT ADDED ENTRY--TOPICAL TERM |
| Topical term or geographic name as entry element |
small capacitor. |
| 9 (RLIN) |
66036 |
| 700 ## - ADDED ENTRY--PERSONAL NAME |
| Personal name |
Ding ,Dawie. |
| Relator term |
author. |
| 9 (RLIN) |
60243 |
| 700 ## - ADDED ENTRY--PERSONAL NAME |
| Personal name |
Zhang, Guoqiang. |
| Relator term |
author. |
| 9 (RLIN) |
60244 |
| 700 ## - ADDED ENTRY--PERSONAL NAME |
| Personal name |
Wang, Gaolin. |
| Relator term |
author. |
| 9 (RLIN) |
60245 |
| 700 ## - ADDED ENTRY--PERSONAL NAME |
| Personal name |
Zekun Ren, |
| 9 (RLIN) |
60246 |
| 700 ## - ADDED ENTRY--PERSONAL NAME |
| Personal name |
Mijatovic, Nenad. |
| Relator term |
author. |
| 9 (RLIN) |
60247 |
| 700 ## - ADDED ENTRY--PERSONAL NAME |
| Personal name |
Dragicevic, Tomislaw. |
| Relator term |
author. |
| 9 (RLIN) |
60248 |
| 700 ## - ADDED ENTRY--PERSONAL NAME |
| Personal name |
Xu, Dianguo. |
| Relator term |
author. |
| 9 (RLIN) |
60249 |
| 942 ## - ADDED ENTRY ELEMENTS (KOHA) |
| Source of classification or shelving scheme |
Dewey Decimal Classification |
| Koha item type |
Periodicals |